| 000 | 00554nam a2200157 4500 | ||
|---|---|---|---|
| 001 | 127936 | ||
| 003 | ES-MaACL | ||
| 005 | 20230906193125.0 | ||
| 007 | t| | ||
| 008 | 070214s1957 sp r ||||1| spa d | ||
| 100 | 1 |
_aRivero de Andrea, Fernando. _997694 |
|
| 245 | 1 | 3 |
_aEl Catastro en España, Francia, Italia, Bélgica, Holanda y Suiza _b: estudio de legislación comparada / _cFernando Rivero de Andrea. |
| 260 |
_aMadrid : _b[s. n.], _c1957 ( _fImp. Fábrica Nacional de Moneda) |
||
| 300 |
_a309 p. ; _c24 cm. |
||
| 852 |
_aES-MaACL _jC-14151 _bR.41445 |
||
| 999 |
_c127936 _d127936 |
||